| 000 | 01043nam a2200253 a 4500 | ||
|---|---|---|---|
| 001 | 000006052 | ||
| 005 | 20240229073827.0 | ||
| 008 | 090826s1999 dr c 000 0 spa d | ||
| 020 | _a9993422045 | ||
| 040 |
_aDO-SdBNP _bspa _cBNPHU |
||
| 082 |
_a351.97293 _bR332r |
||
| 245 | 0 | 0 |
_aRégimen de la administración pública en la reforma constitucional : _bexpositor Raymundo Amaro Guzmán ; comentarista Cristóbal Gómez Yangüela. |
| 260 |
_aSanto Domingo : _bComision presidencial para la reforma y modernización del estado, _c1999. |
||
| 300 |
_a116 p. : _bretrs. ; _c21 cm. |
||
| 490 | 1 |
_aConversatorios _v5 |
|
| 490 | 1 |
_aDebates Constitucionales _aConversatorios _v5 |
|
| 500 | _a10 de junio del 1999 | ||
| 650 | 4 |
_aAdministración _zRepública Dominicana _917050 |
|
| 650 | 4 |
_aReformas constitucionales _zRepública Dominicana _98313 |
|
| 700 | 1 |
_aAmaro Guzmán, Raymundo _eex. _9656 |
|
| 700 | 1 |
_aGómez Yangüela, Cristóbal _917052 |
|
| 830 | 0 |
_aConversatorios _v5 _917053 |
|
| 830 | 0 |
_aDebates constitucionales _pConversatorios _n5 _917054 |
|
| 999 |
_c5848 _d5848 |
||